Statistics for Complete the quote - The Big Bang Theory

Click here to take the quiz!

General Stats

  • This quiz has been taken 98 times
    (85 since last reset)
  • The average score is 10 of 17

Answer Stats

Quote% Correct
I’m not crazy, my mother {had me tested}
97%
Soft kitty, warm kitty {little ball of fur}
96%
I work there too. Not that anyone {cares}
87%
- You look beautiful. - Of course I do. I'm a princess and this is my {tiara}
69%
- Woman, you are playing with forces beyond your ken. - Yeah, well, your Ken can {kiss my Barbie}
68%
Scissors cuts paper, paper covers rock, rock crushes lizard, lizard poisons Spock, Spock mashes scissors, scissors decapitated lizard, lizard eats paper, paper disproves Spock, Spock vaporizers rock, and as it always has; {rock crushes scissors}
65%
One cries because one is sad. I cry because others are stupid and {that makes me sad}
61%
- Hi. Did Sheldon change the Wi-Fi password again? - Yeah, it's Penny eats our food, she can {pay for Wi-Fi}
60%
What's the gist {physicist}
60%
If it’s "creepy" to use the internet, military satellites and robot aircraft to find a house full of gorgeous young models so that I can drop in on them unexpectedly, then fine {I'm creepy}
59%
I'm glad I got that mocha. And you know what else I'm glad about? I bought you a brownie and I {ate it in the car}
55%
What’s the word {hummingbird}
51%
Actually, Indian Monopoly is just like regular. Except the money is in rupees, and instead of hotels you build {call centers}
43%
You can’t make a half sandwich. If it’s not half of a whole sandwich it’s just a {small sandwich}
43%
- Is that the attitude to helped you get Penny? - No, but I don't have three years to make that gate feel {sorry for me}
40%
If you're keeping him, I've got a cage you can borrow. One of the test monkeys slipped on a banana peel and broke his neck. It was both {tragic and hysterical}
20%
I have learned what that request actually means and I don't want to be joined to another {object} by an inclined plane, wrapped helically around an axis
16%

Score Distribution

Percentile by Number Answered

Percent of People with Each Score

Your Score History

You have not taken this quiz since the last reset